[Event "Florianopolis Spring op 2nd"]
[Site "Florianopolis"]
[Date "2022.10.22"]
[Round "2"]
[White "Da Rosa, Kassiele"]
[Black "Bassani, Jaison Jose"]
[Result "1-0"]
[WhiteElo "1387"]
[BlackElo "1928"]
[PlyCount "107"]
[EventDate "2022.10.21"]
[EventType "swiss"]
[EventRounds "6"]
[EventCountry "BRA"]
[SourceTitle "EXT 2024"]
[Source "ChessBase"]
[SourceDate "2023.10.10"]
[SourceVersion "1"]
[SourceVersionDate "2023.10.10"]
[SourceQuality "1"]

1. e4 c5 2. Nc3 Nc6 3. Bc4 e6 4. d3 a6 5. a3 b5 6. Ba2 g6 7. f4 d6 8. Nf3 Bg7 9. h3 Nd4 10. Be3 Ne7 11. 0-0 Bb7 12. Bxd4 cxd4 13. Ne2 0-0 14. Kh1 Qb6 15. Qe1 Rac8 16. Rc1 Nc6 17. Qf2 b4 18. a4 Qc5 19. Ng5 h6 20. Nf3 Rc7 21. Ng3 Kh7 22. Nd2 Na5 23. f5 exf5 24. exf5 d5 25. f6 Bh8 26. Qf4 Rc6 27. Nf5 Rxf6 28. Qxh6+ Kg8 29. Qg5 Re6 30. Nh6+ Kg7 31. Nf5+ Kh7 32. Qh6+ Kg8 33. Qg5 Bg7 34. Nh4 Qe7 35. Qg3 Re3 36. Ndf3 Re8 37. Qf4 Nc6 38. Bxd5 Qf6 39. Qxf6 Bxf6 40. Nxg6 Kg7 41. Ngh4 Re2 42. Nf5+ Kf8 43. Nd6 Ba8 44. Nxe8 Rxe8 45. Rce1 Rd8 46. Bxc6 Bxc6 47. b3 Bd5 48. Re2 Kg7 49. Nd2 Bg5 50. Nc4 f6 51. Nb6 Bf7 52. Re7 Rd6 53. Nc4 Rd8 54. Na5 1-0

[Event "Florianopolis op 7th"]
[Site "Florianopolis"]
[Date "2021.01.20"]
[Round "4"]
[White "Da Rosa, Kassiele"]
[Black "Kim, Thiago"]
[Result "0-1"]
[WhiteElo "1376"]
[BlackElo "1793"]
[PlyCount "48"]
[EventDate "2021.01.18"]
[EventType "swiss"]
[EventRounds "10"]
[EventCountry "BRA"]
[SourceTitle "CBM 200 Extra"]
[Source "ChessBase"]
[SourceDate "2021.03.31"]
[SourceVersion "1"]
[SourceVersionDate "2021.03.31"]
[SourceQuality "1"]

1. e4 c5 2. Nf3 e6 3. Nc3 Nc6 4. Bc4 a6 5. a3 b5 6. Ba2 Bb7 7. d3 d6 8. Bf4 Nf6 9. 0-0 Be7 10. Bg3 0-0 11. Ng5 h6 12. Nf3 Rc8 13. Nh4 b4 14. axb4 cxb4 15. Ne2 d5 16. exd5 Nxd5 17. Nf3 Bf6 18. Qc1 a5 19. c3 bxc3 20. Bxd5 cxb2 21. Qd2 bxa1Q 22. Rxa1 Bxa1 23. Bc4 Nb4 24. Ne1 Rxc4 0-1

[Event "Florianopolis op 7th"]
[Site "Florianopolis"]
[Date "2021.01.18"]
[Round "1"]
[White "Marcondes, Igor Dalcol"]
[Black "Da Rosa, Kassiele"]
[Result "1/2-1/2"]
[WhiteElo "1741"]
[BlackElo "1376"]
[PlyCount "55"]
[EventDate "2021.01.18"]
[EventType "swiss"]
[EventRounds "10"]
[EventCountry "BRA"]
[SourceTitle "CBM 200 Extra"]
[Source "ChessBase"]
[SourceDate "2021.03.31"]
[SourceVersion "1"]
[SourceVersionDate "2021.03.31"]
[SourceQuality "1"]

1. e4 e5 2. Nf3 Nc6 3. Bc4 h6 4. 0-0 Bc5 5. c3 a6 6. d4 exd4 7. cxd4 Ba7 8. Nc3 d6 9. h3 Nge7 10. b4 0-0 11. a3 Kh8 12. Bb2 Ng6 13. Nd5 Nh4 14. Nxh4 Qxh4 15. Qd3 f5 16. exf5 Bxf5 17. Qg3 Qxg3 18. fxg3 Nxd4 19. Kh2 Be6 20. Rfd1 Nc2 21. Rac1 Bxd5 22. Bxd5 Ne3 23. Rxc7 Nxd5 24. Rxd5 Rf1 25. Bxg7+ Kg8 26. g4 Bg1+ 27. Kg3 Bf2+ 28. Kh2 1/2-1/2

[Event "BRA-ch Regional Sul"]
[Site "Lages"]
[Date "2019.10.18"]
[Round "1"]
[White "Machado, Wesley Henrique"]
[Black "Da Rosa, Kassiele"]
[Result "1-0"]
[WhiteElo "1485"]
[BlackElo "1782"]
[PlyCount "85"]
[EventDate "2019.10.18"]
[EventType "swiss"]
[EventRounds "5"]
[EventCountry "BRA"]
[SourceTitle "CBM 195 Extra"]
[Source "ChessBase"]
[SourceDate "2020.05.31"]
[SourceVersion "1"]
[SourceVersionDate "2020.05.31"]
[SourceQuality "1"]

1. e4 e5 2. Nf3 Nc6 3. Bc4 Bc5 4. c3 Nf6 5. d3 h6 6. Bb3 d6 7. Nbd2 0-0 8. h3 Be6 9. Nf1 d5 10. Qe2 dxe4 11. dxe4 Qe7 12. Ng3 Rad8 13. Nh2 Na5 14. Qf3 Bxb3 15. axb3 Nxb3 16. Nf5 Qd7 17. Bxh6 Nxa1 18. 0-0 Nb3 19. Bxg7 Nd2 20. Qg3 Nfxe4 21. Qh4 Bxf2+ 22. Rxf2 Nf3+ 23. gxf3 f6 24. Qh8+ Kf7 25. Qh5+ Ke6 26. fxe4 Rg8 27. Qh6 Qd1+ 28. Kg2 Qd3 29. Qxf6+ Kd7 30. Qxe5 Rde8 31. Qd5+ Qxd5 32. exd5 Re5 33. Ng4 Rxf5 34. Rxf5 Rxg7 35. Kf3 Re7 36. h4 c6 37. dxc6+ bxc6 38. Rf6 Kc7 39. h5 c5 40. h6 Rh7 41. Rg6 Rf7+ 42. Nf6 Kc6 43. h7 1-0